MCU Countries - Statistics

General Stats
  • This quiz has been taken 3,087 times
    1,676 since last reset
  • The average score is 23 of 48
Answer Stats
No Answer % Correct
43 United States of America
98%
10 United Kingdom
92%
3 Russia
85%
3 China
84%
3 France
84%
4 Germany
84%
4 Mexico
84%
1 Canada
83%
3 Japan
80%
5 Wakanda
78%
3 Italy
76%
2 Brazil
75%
1 Australia
70%
4 India
68%
1 Egypt
60%
2 South Korea
60%
4 Norway
57%
1 Argentina
56%
1 Poland
54%
2 South Africa
54%
4 Austria
49%
1 Netherlands
49%
3 Sokovia
49%
3 Switzerland
45%
1 Iraq
44%
1 Nigeria
44%
1 Finland
42%
1 Afghanistan
39%
1 Cuba
39%
2 Pakistan
39%
1 Hungary
37%
1 Morocco
37%
1 Czech Republic
34%
1 Romania
33%
1 Slovakia
28%
3 Nepal
23%
1 Monaco
21%
1 Mongolia
21%
1 Libya
20%
1 Haiti
19%
1 Tunisia
17%
1 Guatemala
16%
1 Latvia
16%
1 Lithuania
15%
1 Madripoor
9%
1 Mali
7%
1 Talokan
3%
1 Cape Verde
1%
No matching quizzes found
Score Distribution
Percent of People with Each Score
Percentile by Number Answered
Your Score History
You have not taken this quiz since the last reset